000 00729nam a2200253 a 4500
999 _c779
_d779
001 779
003 BD-JhCC
005 20171010130039.0
008 171009s2004 bg |||| ||a| 000 0 ben d
020 _a9843108086
035 _a(BD-JhCC)779
040 _aBD-JhCC
_dBD-JhCC
041 _aben
082 _a891.443
_bRAH 2004
099 _aRAH 2004
100 _aরহমান, পাপড়ি
245 _aপোড়া নদীর স্বপ্ন পুরান /
_c পাপড়ি রহমান
260 _aঢাকা :
_bউত্তরণ,
_c2004.
300 _a94 p. :
_c22 cm.
650 _aBengali Novel
651 _aBangladesh
942 _2ddc
_cBK